Dossier d'informations sur la situation en Algérie : résistance des femmes et solidarité internationale=Compilation of information on the situation in Algeria:women's resistance and solidarity around the world (Record no. 1303)

MARC details
000 -LEADER
fixed length control field 006210000a22001570004500
005 - DATE AND TIME OF LATEST TRANSACTION
control field 20240229113615.0
008 - FIXED-LENGTH DATA ELEMENTS--GENERAL INFORMATION
fixed length control field 230817t ||||| |||| 00| 0 eng d
027 ## - STANDARD TECHNICAL REPORT NUMBER
Report Number 1
082 ## - DEWEY DECIMAL CLASSIFICATION NUMBER
Classification number 305.49
Item number WOM
942 ## - ADDED ENTRY ELEMENTS (KOHA)
Item Type Reports
110 ## - MAIN ENTRY--CORPORATE NAME
Corporate Name Women living under Muslim laws
245 ## - TITLE STATEMENT
Title Dossier d'informations sur la situation en Algérie : résistance des femmes et solidarité internationale=Compilation of information on the situation in Algeria:women's resistance and solidarity around the world
260 ## - PUBLICATION, DISTRIBUTION, ETC. (IMPRINT)
Place of Publication Grables:
Name of Publisher Women living under Muslim laws,
Date of Copyright 1995
300 ## - PHYSICAL DESCRIPTION
Extent iii.,453 p.
Physical Details Bibliography included
650 ## - SUBJECT ADDED ENTRY--TOPICAL TERM
Topical Term WOMEN-Algeria
Holdings
Withdrawn status Lost status Source of classification or shelving scheme Damaged status Not for loan Permanent location Current location Date acquired Total Checkouts Full call number Barcode Date last seen Price effective from Koha item type
    Dewey Decimal Classification     Resource center, Muslim Women's Research And Action Forum Resource center, Muslim Women's Research And Action Forum 2023-08-17   305.49 WOM RAF3749 2023-08-17 2023-08-17 Reports

Copyright © 2023 Muslim Women's Research and Action Forum (MWRAF), No 27/3, Anderson Road, Kalubowila, Dehiwela. Funded by The Asia Fundation